| 000 | 00749nam a2200253 a 4500 | ||
|---|---|---|---|
| 001 | 42507 | ||
| 003 | BD-RjUL | ||
| 005 | 20211209053542.0 | ||
| 008 | 160613s1962 enk b 001 0 eng d | ||
| 035 | _a(BD-RjUL) | ||
| 040 |
_aSLC _dm.c _dEQO _beng _cBD-RjUL |
||
| 041 | _aeng | ||
| 082 |
_a355.0335 _223 _bSTO 1962 |
||
| 090 |
_aUA11 _b.S8 |
||
| 100 | 1 |
_aStrachey, John, _d1901-1963. _9130737 |
|
| 245 | 1 | 0 |
_aOn the prevention of war / _cby John Strachey. |
| 260 |
_aLondon : _bMacmillan, _cc1962. |
||
| 300 |
_aix, 334 p. ; _c23 cm. |
||
| 504 | _aIncludes bibliographical footnotes and index. | ||
| 650 | 0 |
_aMilitary policy. _9128913 |
|
| 650 | 0 |
_aWorld politics _y1955-1965. _9128699 |
|
| 650 | 0 |
_aNuclear warfare. _9128914 |
|
| 942 |
_2ddc _cBK |
||
| 999 |
_c42507 _d42507 |
||